000 00712nam a2200229Ia 4500
003 GCL
008 140319s9999 xx 000 0 ara d
020 _a4164710977
040 _aGCL /
_cGCL
082 0 4 _a370.152
_bم ت
100 1 _aمجدى عبدالكريم حبيب
245 1 0 _aتعليم التفكير فى عصر المعلومات /
_cمجدى عبدالكريم حبيب
250 _aالاولى
260 _aالقاهرة :
_bدار الفكر العربى ،
_c2003
300 _a675 ص ؛
_c24 سم
650 0 4 _aالتعليم
650 0 4 _aالادراك
650 0 4 _aالتفكير المنطقى
650 0 4 _aالابداع
650 0 4 _aالمهارات
942 _2ddc
_cBK
999 _c6305
_d6305